000 00534nam a2200205Ia 4500
005 20250923145920.0
008 008 250917s9999 xx 000 0 eng d
037 _aTextual
040 _aDSWL
_beng
_cDSWL
041 _aeng
_2eng
084 _aS, N93
_qDSWL
100 _aDiwan, P.
_9840264
245 0 _aModern Hindu Law
_c by P. Diwan
260 _aAllahabad
_bLaw Agency
_c1993
300 _axxii,xxiv,577p.
365 _aINR
_b155.00
925 _g155.00
942 _cTEXL
_hS, N93
999 _c1457317
_d1457317